[Event "Goldener Springer 2020"]
[Site "Frankfurt-Griesheim"]
[Date "2020.??.??"]
[Round "3"]
[White "Dreis, Volker"]
[Black "Eckert, Michael"]
[Result "1/2-1/2"]
[WhiteElo "1926"]
[BlackElo "1557"]
[PlyCount "78"]
[EventDate "2020.??.??"]
[WhiteTeam "SV Frankfurt Nord"]
[BlackTeam "SK Herborn"]

1. e4 e5 2. Nf3 Nc6 3. Bb5 a6 4. Bxc6 dxc6 5. O-O Bg4 6. h3 Bxf3 7. Qxf3 Nf6 8.
d3 Be7 9. Nd2 h6 10. Nc4 Bd6 11. d4 Qe7 12. dxe5 Bxe5 13. Qf5 Nd7 14. Nxe5 Qxe5
15. Qxe5+ Nxe5 16. f4 Nd7 17. e5 O-O 18. Be3 Rad8 19. Rad1 Rfe8 20. Bd4 c5 21.
Bc3 b5 22. Ba5 Nb6 23. Bxb6 cxb6 24. Rfe1 g6 25. Kf2 Kg7 26. Ke2 f6 27. Rxd8
Rxd8 28. Kf3 fxe5 29. Rxe5 Kf6 30. g4 g5 31. Re2 gxf4 32. Kxf4 Rd4+ 33. Kf3 b4
34. h4 a5 35. Re4 Rd2 36. Re2 Rd4 37. Re8 Rd2 38. Re2 Rd4 39. Re3 Rd2 1/2-1/2

[Event "Goldener Springer 2020"]
[Site "Frankfurt-Griesheim"]
[Date "2020.??.??"]
[Round "4"]
[White "Iliev, Mustafa Batuhan"]
[Black "Poetsch, Hagen"]
[Result "1-0"]
[WhiteElo "2049"]
[BlackElo "2524"]
[PlyCount "55"]
[EventDate "2020.??.??"]
[WhiteTeam "SV Grossauheim"]
[BlackTeam "SC Heusenstamm"]

1. e4 c5 2. Nf3 a6 3. a4 Nc6 4. d4 cxd4 5. Nxd4 e5 6. Nb3 Nf6 7. Nc3 Bb4 8. Bd3
d5 9. exd5 Nxd5 10. Bd2 Nxc3 11. bxc3 Bd6 12. O-O O-O 13. f4 Be6 14. Qe2 exf4
15. Bxf4 Bxf4 16. Rxf4 Qg5 17. Raf1 Rfe8 18. Qf2 Ne5 19. Nc5 Bd5 20. c4 Bc6 21.
Ne4 Qe7 22. Qg3 Bxe4 23. Bxe4 g6 24. Bd5 Rf8 25. Re4 Qc5+ 26. Kh1 Nd7 27. Ref4
Ne5 28. Rf5 1-0

[Event "Goldener Springer 2020"]
[Site "Frankfurt-Griesheim"]
[Date "2020.??.??"]
[Round "4"]
[White "Sergin, Mark"]
[Black "Emig, Nils"]
[Result "1/2-1/2"]
[WhiteElo "2207"]
[BlackElo "1823"]
[PlyCount "51"]
[EventDate "2020.??.??"]
[WhiteTeam "SF Neuberg"]
[BlackTeam "SK Marburg"]

1. e4 c5 2. Nc3 a6 3. Nf3 e6 4. d4 cxd4 5. Nxd4 Nc6 6. g3 Qc7 7. Bg2 Nf6 8. O-O
Be7 9. Re1 O-O 10. Nxc6 bxc6 11. Qd3 d5 12. exd5 cxd5 13. Bf4 Bd6 14. Bxd6 Qxd6
15. Na4 Bd7 16. Qd4 Bxa4 17. Qxa4 Rfc8 18. c3 Nd7 19. Qd4 Rab8 20. Rab1 Qb6 21.
Qa4 Qc6 22. Qd1 Qc4 23. a3 Qb3 24. Bf1 Nc5 25. Qd4 a5 26. Rec1 1/2-1/2

[Event "Goldener Springer 2020"]
[Site "Frankfurt-Griesheim"]
[Date "2020.??.??"]
[Round "4"]
[White "Olesiak, Marcin"]
[Black "Schellen, Sven"]
[Result "0-1"]
[WhiteElo "2036"]
[BlackElo "1826"]
[PlyCount "64"]
[EventDate "2020.??.??"]
[WhiteTeam "SV Oberursel"]
[BlackTeam "SV Frankfurt Nord"]

1. e4 Nf6 2. e5 Nd5 3. d4 d6 4. Nf3 Bg4 5. Be2 Nc6 6. c4 Nb6 7. exd6 cxd6 8. b3
Bxf3 9. Bxf3 d5 10. c5 Nc8 11. O-O e6 12. Nc3 g6 13. Be3 Bg7 14. Qd2 O-O 15.
Rfd1 N8e7 16. Rab1 Nf5 17. Ne2 h5 18. g3 Qe7 19. b4 Rad8 20. b5 Nxe3 21. Qxe3
Na5 22. Nf4 Nc4 23. Qc1 Bh6 24. Nxd5 exd5 25. Qxh6 Qd7 26. Qg5 Kh7 27. a4 f6
28. Qc1 Rde8 29. Qc3 Qf5 30. Qd3 Re1+ 31. Kg2 Qxd3 32. Rxe1 Nd2 0-1

[Event "Goldener Springer 2020"]
[Site "Frankfurt-Griesheim"]
[Date "2020.??.??"]
[Round "4"]
[White "Voellinger, Florian"]
[Black "Klundt, Klaus"]
[Result "0-1"]
[WhiteElo "1866"]
[BlackElo "2293"]
[PlyCount "56"]
[EventDate "2020.??.??"]
[WhiteTeam "SF Dettingen"]
[BlackTeam "SC Heusenstamm"]

1. d4 d5 2. c4 e6 3. Nc3 a6 4. cxd5 exd5 5. Nf3 Nf6 6. Bg5 Be6 7. e3 Nbd7 8.
Bd3 c6 9. O-O Bd6 10. Rb1 O-O 11. Qc2 h6 12. Bh4 Qc7 13. Bg3 Bxg3 14. hxg3 Rfe8
15. b4 b5 16. a4 Nb6 17. Nd2 Nc4 18. Bxc4 bxc4 19. Rb2 Qd7 20. Nf3 Bf5 21. Qd2
Ne4 22. Nxe4 Bxe4 23. Ne5 Qc7 24. b5 cxb5 25. axb5 c3 26. Qc1 f6 27. Nf3 Qc4
28. Nd2 cxb2 0-1

[Event "Goldener Springer 2020"]
[Site "Frankfurt-Griesheim"]
[Date "2020.??.??"]
[Round "4"]
[White "Gries, Volker"]
[Black "Weiland, Thomas"]
[Result "1-0"]
[WhiteElo "2079"]
[BlackElo "1790"]
[PlyCount "109"]
[EventDate "2020.??.??"]
[WhiteTeam "SV Oberursel"]
[BlackTeam "SV Oberursel"]

1. e4 b6 2. d4 Bb7 3. Nc3 e6 4. Nf3 d6 5. Bd3 Nd7 6. Ne2 Ne7 7. Ng3 g6 8. Be3
Bg7 9. Qd2 e5 10. Bh6 Bf6 11. d5 Ng8 12. Be3 h6 13. h4 Ne7 14. Bxh6 Nc5 15. Bg5
Bxg5 16. Qxg5 Nxd3+ 17. cxd3 Qd7 18. O-O-O O-O-O 19. Kb1 Kb8 20. Qf6 Rhf8 21.
Ng5 Rde8 22. Nh7 Nxd5 23. exd5 Bxd5 24. Nxf8 Rxf8 25. Ne4 Be6 26. Nc3 d5 27.
Qxe5 d4 28. Nb5 Re8 29. Qxc7+ Qxc7 30. Nxc7 Kxc7 31. Rhe1 Kd6 32. Re4 Kd5 33.
f4 Rd8 34. Rde1 Rd7 35. Re5+ Kd6 36. R1e4 Ke7 37. g4 Kf6 38. g5+ Kg7 39. Rxe6
fxe6 40. Rxe6 Rf7 41. Re4 Rd7 42. Kc2 Kf7 43. Kd2 Rd5 44. b4 a5 45. a3 axb4 46.
axb4 Rd6 47. Ke2 Rd5 48. Kf3 Rd6 49. Kg4 Rd5 50. h5 gxh5+ 51. Kxh5 Rd8 52. Kg4
Rd5 53. Re5 Rd6 54. f5 Kf8 55. Re6 1-0

[Event "Goldener Springer 2020"]
[Site "Frankfurt-Griesheim"]
[Date "2020.??.??"]
[Round "4"]
[White "Stock, Juergen"]
[Black "Weber, Samuel"]
[Result "0-1"]
[WhiteElo "1862"]
[BlackElo "2230"]
[PlyCount "59"]
[EventDate "2020.??.??"]
[WhiteTeam "Sfr. Kelkheim"]
[BlackTeam "SV Oberursel"]

1. d4 g6 2. c3 Bg7 3. Bg5 d6 4. e3 Bf5 5. Nd2 h6 6. Bh4 c5 7. g4 Bd7 8. Bg2 Bc6
9. d5 Bb5 10. c4 Ba6 11. Qc2 b5 12. cxb5 Bxb5 13. f4 Qb6 14. Bf2 Nd7 15. h4
Ngf6 16. Bf3 h5 17. gxh5 Nxh5 18. Nh3 Rb8 19. Rb1 Qa6 20. Be4 f5 21. Ng5 fxe4
22. Qxe4 Bd3 23. Qe6 Rf8 24. Nge4 Ndf6 25. Rc1 Bxe4 26. Nxe4 Rxb2 27. Nd2 Rxd2
28. Kxd2 Qxa2+ 29. Ke1 Qxd5 30. Qc8+ 0-1

[Event "Goldener Springer 2020"]
[Site "Frankfurt-Griesheim"]
[Date "2020.??.??"]
[Round "4"]
[White "Chandler, Patrick"]
[Black "Varma, Christopher"]
[Result "1-0"]
[WhiteElo "2155"]
[BlackElo "1889"]
[PlyCount "59"]
[EventDate "2020.??.??"]
[WhiteTeam "SC Nied"]
[BlackTeam "SV Oberursel"]

1. Nf3 Nf6 2. b4 d5 3. a3 Bf5 4. e3 e6 5. c4 c6 6. Nc3 Nbd7 7. d4 dxc4 8. Bxc4
Bd6 9. Bb2 O-O 10. O-O h6 11. Re1 Ne4 12. Nxe4 Bxe4 13. Nd2 Bg6 14. Bf1 Qe7 15.
f4 Nf6 16. g3 Ne4 17. Nc4 Rfd8 18. Bd3 Bh7 19. Qb1 Nf6 20. e4 Bxb4 21. axb4
Qxb4 22. f5 exf5 23. exf5 b5 24. Ne5 Qd6 25. Qa2 Nd5 26. Be4 Qf6 27. Rac1 Nb4
28. Qb3 a5 29. Nxc6 Nxc6 30. Rxc6 1-0

[Event "Goldener Springer 2020"]
[Site "Frankfurt-Griesheim"]
[Date "2020.??.??"]
[Round "4"]
[White "Prior, Benjamin"]
[Black "Rondonuwu, Grover"]
[Result "1-0"]
[WhiteElo "1831"]
[BlackElo "2053"]
[PlyCount "27"]
[EventDate "2020.??.??"]
[WhiteTeam "SF Anderssen Wetzlar"]
[BlackTeam "Frankfurter TV"]

1. e4 c5 2. Nf3 g6 3. d4 cxd4 4. Nxd4 Nc6 5. Nc3 Bg7 6. Be3 Nf6 7. Bc4 Qa5 8.
f3 Qb4 9. Nxc6 Qxc4 10. Ne5 Qa6 11. Qd3 Qxd3 12. Nxd3 a6 13. e5 Ng8 14. Nd5 1-0

[Event "Goldener Springer 2020"]
[Site "Frankfurt-Griesheim"]
[Date "2020.??.??"]
[Round "4"]
[White "Oezdemir, Ali Oezden"]
[Black "Krychevskiy, Dmytro"]
[Result "1/2-1/2"]
[WhiteElo "2016"]
[BlackElo "1904"]
[PlyCount "26"]
[EventDate "2020.??.??"]
[WhiteTeam "SK Langen"]
[BlackTeam "SV Oberursel"]

1. e4 c6 2. d4 d5 3. e5 Bf5 4. Be3 e6 5. Nd2 c5 6. c4 cxd4 7. Bxd4 Nc6 8. Ngf3
Bg4 9. cxd5 Qxd5 10. Bc3 Bxf3 11. Qxf3 Qxf3 12. Nxf3 Bc5 13. Bc4 Nge7 1/2-1/2

[Event "Goldener Springer 2020"]
[Site "Frankfurt-Griesheim"]
[Date "2020.??.??"]
[Round "4"]
[White "Reitz, Gerhard"]
[Black "Hebauf, Markus"]
[Result "1-0"]
[WhiteElo "1990"]
[BlackElo "1524"]
[PlyCount "39"]
[EventDate "2020.??.??"]
[WhiteTeam "SC Obertshausen"]
[BlackTeam "Sfr. Kelkheim"]

1. e4 c5 2. Nf3 Nc6 3. d4 cxd4 4. Nxd4 e6 5. Nc3 Qc7 6. Be2 a6 7. O-O Nf6 8. a3
h6 9. Be3 Be7 10. Kh1 O-O 11. f4 d6 12. Bf3 Bd7 13. Nb3 Rad8 14. Na4 Nb8 15.
Bb6 Qc8 16. Bxd8 Bxd8 17. Nc3 Bc6 18. Qxd6 Bc7 19. Qd2 Rd8 20. Qe3 1-0

[Event "Goldener Springer 2020"]
[Site "Frankfurt-Griesheim"]
[Date "2020.??.??"]
[Round "4"]
[White "Zilch, Lothar"]
[Black "Calvi, Stefan"]
[Result "0-1"]
[WhiteElo "1871"]
[BlackElo "2072"]
[PlyCount "118"]
[EventDate "2020.??.??"]
[WhiteTeam "SV Alsfeld"]
[BlackTeam "SF Frankfurt"]

1. d4 Nf6 2. Nf3 e6 3. Bf4 c5 4. e3 Qb6 5. Qc1 d5 6. Nbd2 Nbd7 7. h3 Bd6 8.
Bxd6 Qxd6 9. c3 O-O 10. Bd3 Re8 11. O-O e5 12. dxe5 Nxe5 13. Nxe5 Rxe5 14. Nf3
Rh5 15. Re1 Ne4 16. Qd1 Qe7 17. Nd2 g6 18. Bxe4 dxe4 19. Qa4 Re5 20. Rad1 Bd7
21. Qc2 b5 22. Nxe4 Bf5 23. f3 Bxe4 24. fxe4 Rxe4 25. Qe2 a6 26. Qf3 Re8 27.
Kf2 Re6 28. Kg1 Rxe3 29. Rxe3 Qxe3+ 30. Qxe3 Rxe3 31. Kf2 Re6 32. b3 Kg7 33.
Rd5 Rc6 34. c4 Kf6 35. Ke3 Ke6 36. g4 h6 37. Kf4 f6 38. Ke4 Rc7 39. Kf4 bxc4
40. bxc4 Rc6 41. Ke4 Ke7 42. Kf4 Rc8 43. Kf3 Rd8 44. Rxd8 Kxd8 45. Ke4 Kc7 46.
Kd5 Kb6 47. a4 f5 48. gxf5 gxf5 49. a5+ Kxa5 50. Kxc5 f4 51. Kd4 f3 52. Ke3 Kb4
53. c5 Kxc5 54. Kxf3 Kd4 55. Kg4 a5 56. Kh5 a4 57. Kxh6 a3 58. h4 a2 59. h5
a1=Q 0-1

[Event "Goldener Springer 2020"]
[Site "Frankfurt-Griesheim"]
[Date "2020.??.??"]
[Round "4"]
[White "Koepke, Carolina"]
[Black "Bluebaum, Johanna"]
[Result "0-1"]
[WhiteElo "1451"]
[BlackElo "1979"]
[PlyCount "78"]
[EventDate "2020.??.??"]
[WhiteTeam "SV Oberursel"]
[BlackTeam "SK Marburg"]

1. d4 Nf6 2. Bf4 d6 3. e3 g6 4. Nd2 Bg7 5. Ngf3 Nh5 6. Bg3 Nxg3 7. hxg3 c5 8.
c3 Nc6 9. Qb3 O-O 10. Rd1 Na5 11. Qc2 cxd4 12. exd4 d5 13. Bd3 Qd6 14. O-O Bg4
15. Rde1 Rfc8 16. Ne5 Be6 17. Qa4 Nc6 18. f4 f6 19. Nef3 Bd7 20. Qd1 a6 21. a4
Rab8 22. Re3 Bg4 23. Qe1 b5 24. axb5 axb5 25. Nb3 Re8 26. Nc5 e5 27. fxe5 fxe5
28. Nd2 e4 29. Be2 Bxe2 30. Rxe2 Nxd4 31. Ndb3 Nxe2+ 32. Qxe2 Qxg3 33. Nd7 Be5
34. Nxb8 Qh2+ 35. Kf2 Qh4+ 36. Ke3 Qg5+ 37. Kf2 Bg3+ 38. Kg1 Qh4 39. Qxb5 Qh2#
0-1

[Event "Goldener Springer 2020"]
[Site "Frankfurt-Griesheim"]
[Date "2020.??.??"]
[Round "4"]
[White "Mamerow, Marvin Stephan"]
[Black "Degenhardt, Andreas"]
[Result "0-1"]
[WhiteElo "1938"]
[BlackElo "1811"]
[PlyCount "34"]
[EventDate "2020.??.??"]
[WhiteTeam "SC Matt im Park Frankfurt"]
[BlackTeam "SC Lorsch"]

1. e4 e6 2. Nc3 d5 3. Nf3 dxe4 4. Nxe4 Nd7 5. d4 Ngf6 6. Bd3 Nxe4 7. Bxe4 Nf6
8. Bd3 Be7 9. c3 O-O 10. Qc2 h6 11. Bd2 c5 12. O-O-O Qc7 13. b3 b6 14. h4 Bb7
15. dxc5 Bxc5 16. Rh3 Rfd8 17. c4 Rxd3 0-1

[Event "Goldener Springer 2020"]
[Site "Frankfurt-Griesheim"]
[Date "2020.??.??"]
[Round "4"]
[White "Kuban, Guenther"]
[Black "Lange, Martin"]
[Result "1/2-1/2"]
[WhiteElo "2105"]
[BlackElo "1749"]
[PlyCount "131"]
[EventDate "2020.??.??"]
[WhiteTeam "SV Oberursel"]
[BlackTeam "Sfr. Kelkheim"]

1. c4 Nf6 2. Nc3 d5 3. cxd5 Nxd5 4. g3 g6 5. Bg2 Nb6 6. d4 Bg7 7. Nf3 O-O 8.
O-O Nc6 9. d5 Na5 10. e4 c6 11. Nd4 cxd5 12. Nxd5 Nc6 13. Nb5 Bd7 14. a4 e6 15.
Nxb6 axb6 16. Bf4 Ne5 17. Qb3 g5 18. Be3 Ng4 19. Rfd1 Nxe3 20. fxe3 Qe7 21. Nd6
Bc6 22. Nc4 Rfd8 23. Qxb6 Rxd1+ 24. Rxd1 Rxa4 25. b3 Ra6 26. Qd8+ Qxd8 27.
Rxd8+ Bf8 28. e5 Ra1+ 29. Kf2 Bxg2 30. Kxg2 Rb1 31. Nd6 Rxb3 32. Kf3 Kg7 33. g4
Bxd6 34. exd6 Rd3 35. Ke2 Rd5 36. e4 Rd4 37. d7 b5 38. Ke3 Rd6 39. Rb8 Rxd7 40.
Rxb5 Kg6 41. h4 gxh4 42. Rh5 Ra7 43. Rxh4 Kg5 44. Rxh7 Kxg4 45. Rg7+ Kh5 46.
Kf4 Kh6 47. Rg8 Kh7 48. Rg1 f6 49. Ke3 Ra5 50. Kf4 Ra4 51. Kf3 e5 52. Rg4 Ra3+
53. Ke2 Kh6 54. Rg8 Rb3 55. Rg1 Rh3 56. Rg2 Kh5 57. Rf2 Kg5 58. Rf5+ Kg6 59.
Rf1 Rh5 60. Kd3 f5 61. exf5+ Rxf5 62. Rxf5 Kxf5 63. Ke3 Kf6 64. Ke4 Ke6 65. Ke3
Kd5 66. Kd3 1/2-1/2

[Event "Goldener Springer 2020"]
[Site "Frankfurt-Griesheim"]
[Date "2020.??.??"]
[Round "4"]
[White "Eckert, Michael"]
[Black "Rutsatz, Mario"]
[Result "1/2-1/2"]
[WhiteElo "1557"]
[BlackElo "1969"]
[PlyCount "70"]
[EventDate "2020.??.??"]
[WhiteTeam "SK Herborn"]
[BlackTeam "SF Frankfurt"]

1. c4 e5 2. g3 Nc6 3. Bg2 Bc5 4. d3 d6 5. Nc3 a6 6. a3 Ba7 7. b4 Nf6 8. Nf3 Bf5
9. Bb2 Qd7 10. O-O Bh3 11. Nd5 Nxd5 12. cxd5 Ne7 13. e4 Bxg2 14. Kxg2 O-O 15.
d4 f6 16. Rc1 Bb6 17. Qb3 a5 18. bxa5 Rxa5 19. Rc4 Qg4 20. Re1 Ng6 21. Bc1 Raa8
22. h3 Qd7 23. Be3 Ba5 24. Bd2 Bxd2 25. Nxd2 b6 26. Rec1 Rf7 27. Rxc7 Qxc7 28.
Rxc7 Rxc7 29. Qxb6 Rc2 30. Nf3 Re2 31. Qxd6 Rxe4 32. dxe5 Nxe5 33. Qe6+ Kf8 34.
Qd6+ Kg8 35. Qe6+ Kf8 1/2-1/2

[Event "Goldener Springer 2020"]
[Site "Frankfurt-Griesheim"]
[Date "2020.??.??"]
[Round "4"]
[White "Westhof, Benedikt"]
[Black "Dreis, Volker"]
[Result "0-1"]
[WhiteElo "1795"]
[BlackElo "1926"]
[PlyCount "88"]
[EventDate "2020.??.??"]
[WhiteTeam "SC Heusenstamm"]
[BlackTeam "SV Frankfurt Nord"]

1. d4 Nf6 2. c4 e6 3. Nc3 Bb4 4. Qc2 c5 5. a3 cxd4 6. axb4 dxc3 7. bxc3 d6 8.
Bg5 Nbd7 9. Nf3 Qc7 10. e3 b6 11. Nd4 a6 12. Be2 Bb7 13. O-O O-O 14. Rab1 Rfc8
15. Rfc1 Be4 16. Bd3 Bxd3 17. Qxd3 Qxc4 18. Qxc4 Rxc4 19. b5 a5 20. f3 h6 21.
Bh4 Nd5 22. Bg3 Ne5 23. Bxe5 dxe5 24. Nc6 f6 25. e4 Nxc3 26. Kf1 Nxb1 27. Rxb1
Rc2 28. Rd1 Rxc6 29. bxc6 Rc8 30. Rd6 Rc7 31. Rxe6 Kf7 32. Rd6 Ke8 33. Rd5 Rxc6
34. Rb5 Kd7 35. Kf2 Rd6 36. Kg3 Kc6 37. Rb2 b5 38. Rc2+ Kb6 39. Rc8 a4 40. Kg4
Rd7 41. Kf5 a3 42. Ke6 Ra7 43. Kd6 a2 44. Rb8+ Ka5 0-1

[Event "Goldener Springer 2020"]
[Site "Frankfurt-Griesheim"]
[Date "2020.??.??"]
[Round "4"]
[White "Kaehm, Kevin"]
[Black "Schulze, Manfred"]
[Result "1-0"]
[WhiteElo "1608"]
[BlackElo "1984"]
[PlyCount "83"]
[EventDate "2020.??.??"]
[WhiteTeam "SK Bischofsheim"]
[BlackTeam "SC Steinbach"]

1. d4 Nf6 2. Nf3 e6 3. Bf4 b6 4. g3 Bb7 5. Bg2 d6 6. O-O Be7 7. c4 Nh5 8. Be3
f5 9. Qd2 O-O 10. Bg5 Nd7 11. Bxe7 Qxe7 12. Qg5 Nhf6 13. Nc3 a6 14. Rfe1 h6 15.
Qd2 Qf7 16. Ng5 hxg5 17. Bxb7 Rab8 18. Bxa6 Qh5 19. Kg2 g4 20. f4 Qh3+ 21. Kg1
Kf7 22. e4 Rh8 23. e5 Nh5 24. Qf2 dxe5 25. fxe5 g5 26. Qg2 Qxg2+ 27. Kxg2 f4
28. d5 Nc5 29. dxe6+ Kxe6 30. Bb5 Rhd8 31. Nd5 Rbc8 32. Rad1 f3+ 33. Kf1 Rf8
34. b4 c6 35. Nxb6 cxb5 36. Nxc8 Rxc8 37. bxc5 Rxc5 38. cxb5 Rxb5 39. Rd6+ Ke7
40. Rc1 Rb2 41. Rc7+ Ke8 42. Rh6 1-0

[Event "Goldener Springer 2020"]
[Site "Frankfurt-Griesheim"]
[Date "2020.??.??"]
[Round "5"]
[White "Schellen, Sven"]
[Black "Iliev, Mustafa Batuhan"]
[Result "0-1"]
[WhiteElo "1826"]
[BlackElo "2049"]
[PlyCount "50"]
[EventDate "2020.??.??"]
[WhiteTeam "SV Frankfurt Nord"]
[BlackTeam "SV Grossauheim"]

1. d4 f5 2. e4 fxe4 3. Nc3 Nf6 4. Bg5 Nc6 5. d5 Ne5 6. Qd4 Nf7 7. Bxf6 exf6 8.
O-O-O Be7 9. f3 e3 10. f4 O-O 11. Qxe3 f5 12. Nf3 a6 13. Bd3 Nd6 14. Rde1 Bf6
15. Ne5 b5 16. Qh3 Bb7 17. a3 a5 18. Nxb5 Bxd5 19. Nxd6 cxd6 20. Nxd7 Qxd7 21.
Bxf5 Bxb2+ 22. Kxb2 Rab8+ 23. Kc1 Rxf5 24. Re7 Qxe7 25. Qxf5 Qe3+ 0-1

[Event "Goldener Springer 2020"]
[Site "Frankfurt-Griesheim"]
[Date "2020.??.??"]
[Round "5"]
[White "Klundt, Klaus"]
[Black "Sergin, Mark"]
[Result "1/2-1/2"]
[WhiteElo "2293"]
[BlackElo "2207"]
[PlyCount "87"]
[EventDate "2020.??.??"]
[WhiteTeam "SC Heusenstamm"]
[BlackTeam "SF Neuberg"]

1. e4 e5 2. Nf3 Nc6 3. Bb5 a6 4. Ba4 Nf6 5. O-O Be7 6. Re1 b5 7. Bb3 d6 8. c3
O-O 9. h3 Nb8 10. d4 Nbd7 11. Nbd2 Bb7 12. Bc2 c5 13. d5 c4 14. b3 cxb3 15.
axb3 Qc7 16. Bb2 a5 17. Bd3 b4 18. Rc1 Nc5 19. Bb1 Ba6 20. cxb4 axb4 21. Nc4
Bxc4 22. Rxc4 Rfb8 23. Nh2 Nfd7 24. Ng4 Qd8 25. f4 f6 26. g3 Kh8 27. Rf1 Qe8
28. Qc2 Bf8 29. fxe5 Nxe5 30. Nxe5 dxe5 31. Qe2 Nb7 32. Rc6 Na5 33. Re6 Qd7 34.
g4 Rc8 35. Qd3 Nb7 36. Qf3 Nd8 37. Rxe5 Bd6 38. Rf2 Bxe5 39. Bxe5 Nf7 40. Bb2
Ne5 41. Qg3 Qe7 42. g5 Rf8 43. Kh2 Rac8 44. Rf5 1/2-1/2

[Event "Goldener Springer 2020"]
[Site "Frankfurt-Griesheim"]
[Date "2020.??.??"]
[Round "5"]
[White "Weber, Samuel"]
[Black "Gries, Volker"]
[Result "1-0"]
[WhiteElo "2230"]
[BlackElo "2079"]
[PlyCount "85"]
[EventDate "2020.??.??"]
[WhiteTeam "SV Oberursel"]
[BlackTeam "SV Oberursel"]

1. c4 Nf6 2. g3 g6 3. Bg2 Bg7 4. e4 d6 5. d3 c5 6. Nc3 Nc6 7. Nge2 O-O 8. O-O
a6 9. Rb1 Rb8 10. a4 Ne8 11. Be3 Nc7 12. d4 cxd4 13. Nxd4 Nxd4 14. Bxd4 Bxd4
15. Qxd4 b5 16. b4 bxa4 17. Nxa4 Ne6 18. Qe3 Qc7 19. Rfc1 Bd7 20. Nc3 Qxc4 21.
Nd5 Qd4 22. Nxe7+ Kg7 23. Qxd4+ Nxd4 24. Rc7 Rfd8 25. Rd1 Rxb4 26. Nd5 Bg4 27.
f3 Bxf3 28. Rxd4 Rxd4 29. Bxf3 Rb8 30. Kf2 Rb3 31. Ke2 Ra4 32. Nc3 Raa3 33. Kd3
h5 34. Be2 Kf6 35. Kd4 Rxc3 36. Rxc3 Rxc3 37. Kxc3 Ke5 38. Bc4 Kxe4 39. Bxf7
Kf3 40. Bxg6 Kg4 41. Be8 h4 42. Bd7+ Kf3 43. g4 1-0

[Event "Goldener Springer 2020"]
[Site "Frankfurt-Griesheim"]
[Date "2020.??.??"]
[Round "5"]
[White "Olesiak, Marcin"]
[Black "Chandler, Patrick"]
[Result "0-1"]
[WhiteElo "2036"]
[BlackElo "2155"]
[PlyCount "116"]
[EventDate "2020.??.??"]
[WhiteTeam "SV Oberursel"]
[BlackTeam "SC Nied"]

1. e4 Nc6 2. Nf3 d6 3. Bc4 Nf6 4. d3 Bg4 5. c3 e6 6. Nbd2 a6 7. Bb3 Be7 8. h3
Bh5 9. a4 d5 10. Qc2 Na5 11. O-O c5 12. exd5 Nxd5 13. Bxd5 Qxd5 14. d4 Bg6 15.
Qd1 cxd4 16. Nxd4 e5 17. Qf3 O-O-O 18. Qxd5 Rxd5 19. N4b3 Nxb3 20. Nxb3 Rhd8
21. Be3 Bd3 22. Rfd1 Bc2 23. Rxd5 Rxd5 24. Nd2 Bd3 25. a5 f5 26. b4 f4 27. Bb6
Bf6 28. Re1 Bg6 29. Ne4 Bxe4 30. Rxe4 Rd1+ 31. Kh2 Kd7 32. Rc4 Ke6 33. Rc7 e4
34. Rxb7 Bxc3 35. b5 axb5 36. a6 Be5 37. a7 Ra1 38. Rb8 Rxa7 39. Bxa7 Bxb8 40.
Bxb8 g5 41. g3 b4 42. gxf4 b3 43. Be5 gxf4 44. Bg7 Kd5 45. h4 h5 46. Kg2 Kc4
47. Kf1 Kd3 48. Ke1 Kc2 49. Ke2 b2 50. Bxb2 Kxb2 51. Kd2 Kb3 52. Kd1 Kc3 53.
Ke2 Kd4 54. f3 Ke5 55. fxe4 Kxe4 56. Kf2 f3 57. Kf1 Kf4 58. Kf2 Kg4 0-1

[Event "Goldener Springer 2020"]
[Site "Frankfurt-Griesheim"]
[Date "2020.??.??"]
[Round "5"]
[White "Emig, Nils"]
[Black "Voellinger, Florian"]
[Result "0-1"]
[WhiteElo "1823"]
[BlackElo "1866"]
[PlyCount "50"]
[EventDate "2020.??.??"]
[WhiteTeam "SK Marburg"]
[BlackTeam "SF Dettingen"]

1. d4 d5 2. Nf3 Nf6 3. c4 e6 4. e3 c6 5. Nc3 Nbd7 6. Qc2 Bd6 7. Bd3 dxc4 8.
Bxc4 b5 9. Bd3 Bb7 10. e4 e5 11. dxe5 Nxe5 12. Nxe5 Bxe5 13. O-O O-O 14. f4
Bd4+ 15. Kh1 Ng4 16. Nd1 Nxh2 17. g3 Nxf1 18. Bxf1 Qb6 19. f5 Rfe8 20. Bg2 Rad8
21. Bf3 c5 22. Nc3 Bxc3 23. bxc3 Qd6 24. Bf4 Qd3 25. Qg2 Bxe4 0-1

[Event "Goldener Springer 2020"]
[Site "Frankfurt-Griesheim"]
[Date "2020.??.??"]
[Round "5"]
[White "Bluebaum, Johanna"]
[Black "Prior, Benjamin"]
[Result "1-0"]
[WhiteElo "1979"]
[BlackElo "1831"]
[PlyCount "51"]
[EventDate "2020.??.??"]
[WhiteTeam "SK Marburg"]
[BlackTeam "SF Anderssen Wetzlar"]

1. d4 Nf6 2. c4 g6 3. Nc3 d5 4. cxd5 Nxd5 5. e4 Nxc3 6. bxc3 Bg7 7. Nf3 c5 8.
h3 Nc6 9. Be3 O-O 10. Be2 Qa5 11. O-O Rd8 12. Rc1 b6 13. Bc4 e6 14. Bg5 Rd6 15.
Bd2 Ba6 16. dxc5 bxc5 17. Qe2 Bxc4 18. Qxc4 Rad8 19. Bf4 Rd3 20. e5 Qa3 21. Qb5
Na5 22. Bg5 R8d7 23. Ne1 Rd1 24. Rxd1 Rxd1 25. Qe8+ Bf8 26. Be7 1-0

[Event "Goldener Springer 2020"]
[Site "Frankfurt-Griesheim"]
[Date "2020.??.??"]
[Round "5"]
[White "Krychevskiy, Dmytro"]
[Black "Reitz, Gerhard"]
[Result "1-0"]
[WhiteElo "1904"]
[BlackElo "1990"]
[PlyCount "71"]
[EventDate "2020.??.??"]
[WhiteTeam "SV Oberursel"]
[BlackTeam "SC Obertshausen"]

1. e4 e5 2. Nf3 Nc6 3. d4 exd4 4. Nxd4 Qh4 5. Nc3 Bb4 6. Ndb5 Qxe4+ 7. Be2
Bxc3+ 8. bxc3 Kd8 9. O-O a6 10. Nd4 Nxd4 11. cxd4 Ne7 12. Bf3 Qf5 13. Re1 d6
14. Be4 Qf6 15. c3 Rb8 16. Re3 Bf5 17. Bf3 Be6 18. d5 Bd7 19. Be4 Rf8 20. Qc2
Bf5 21. Bd2 Nxd5 22. Bxf5 Nxe3 23. Bxe3 Re8 24. Rb1 Qe5 25. g3 g6 26. Bd3 Ke7
27. Ba7 Rbc8 28. Bd4 Qe6 29. Qd2 Kd7 30. Qc2 Qd5 31. Qa4+ Qc6 32. Qb3 f5 33.
Be3 Re5 34. Bf4 Rce8 35. Bxe5 Rxe5 36. Qxb7 1-0

[Event "Goldener Springer 2020"]
[Site "Frankfurt-Griesheim"]
[Date "2020.??.??"]
[Round "5"]
[White "Weiland, Thomas"]
[Black "Oezdemir, Ali Oezden"]
[Result "0-1"]
[WhiteElo "1790"]
[BlackElo "2016"]
[PlyCount "64"]
[EventDate "2020.??.??"]
[WhiteTeam "SV Oberursel"]
[BlackTeam "SK Langen"]

1. c4 g6 2. Nf3 Bg7 3. Nc3 e5 4. d3 Nc6 5. g3 d6 6. Bg2 f5 7. Bg5 Qd7 8. Bd2
Nf6 9. e4 h6 10. Qe2 g5 11. exf5 Qxf5 12. Nb5 Kd8 13. Nc3 Nb4 14. O-O Qxd3 15.
Rfe1 Be6 16. c5 Qxe2 17. Rxe2 Bc4 18. cxd6 cxd6 19. Nxe5 dxe5 20. Rxe5 Nc6 21.
Rc5 Be6 22. Rd1 Nd7 23. Rb5 Kc7 24. Nd5+ Bxd5 25. Rxd5 Nb6 26. Rf5 Rhf8 27. Rb5
Rad8 28. h4 Nc4 29. Bxc6 Kxc6 30. Rb3 Rxd2 31. Rc1 b5 32. a4 a6 0-1

[Event "Goldener Springer 2020"]
[Site "Frankfurt-Griesheim"]
[Date "2020.??.??"]
[Round "5"]
[White "Varma, Christopher"]
[Black "Degenhardt, Andreas"]
[Result "1-0"]
[WhiteElo "1889"]
[BlackElo "1811"]
[PlyCount "65"]
[EventDate "2020.??.??"]
[WhiteTeam "SV Oberursel"]
[BlackTeam "SC Lorsch"]

1. d4 d5 2. Bf4 Nf6 3. e3 c6 4. c4 Qb6 5. Qb3 Nbd7 6. c5 Qxb3 7. axb3 e6 8. b4
Be7 9. Nf3 Bd8 10. Nc3 Nh5 11. Bd6 Be7 12. Bc7 Bd8 13. Bd6 Be7 14. Bc7 Bd8 15.
Bxd8 Kxd8 16. b5 Ke7 17. Kd2 Nhf6 18. Bd3 e5 19. Nxe5 Nxe5 20. dxe5 Nd7 21.
bxc6 bxc6 22. Na4 Nxe5 23. Nb6 axb6 24. Rxa8 Nxd3 25. cxb6 Nc5 26. b4 Nb7 27.
Rha1 Rd8 28. R1a7 Ke8 29. Rxc8 Rxc8 30. Rxb7 Ra8 31. Rc7 Rb8 32. b7 Kd8 33.
Rxf7 1-0